লোডিং...
Selected modern English essays
| বিন্যাস: | Printed Book |
|---|---|
| প্রকাশিত: |
London, Oxford University Press
1962
|
| মালা: | 1
The world's classics |
| বিষয়গুলি: |
| LEADER | 004890000a22001570004500 | ||
|---|---|---|---|
| 082 | |a 824 SEL K2 | ||
| 245 | |a Selected modern English essays | ||
| 260 | |a London, Oxford University Press | ||
| 260 | |c 1962 | ||
| 490 | |a 1 |c First series | ||
| 490 | |a The world's classics |c 280 | ||
| 650 | |a English literature | ||
| 650 | |a Essays | ||
| 942 | |c BK | ||
| 999 | |c 133680 |d 133676 | ||
| 952 | |0 0 |1 0 |4 0 |6 824_000000000000000_SEL_K2 |7 0 |9 132600 |a SCP |b SCP |d 2014-02-11 |l 0 |o 824 SEL K2 |p SCP01026 |r 2014-02-11 |w 2014-02-11 |y BK | ||